Word Ladder: Basketball Quiz Stats

Quiz Updated Apr 16, 2015

Challenge
Share
Tweet
Embed
Score 0/22 Timer 03:00
2 Plays Today
Clue 4-Letter Word % Correct
Not fastSLOW
96.4%
*Orange or brown sphere**BALL*
94.9%
Owl's noiseHOOT
94.2%
*Group of players**TEAM*
92.6%
Not shortTALL
92.3%
*To engage in a game of basketball**PLAY*
92%
Black stuff in a fireplaceSOOT
91.7%
*What you toss a [Rung 18] into**HOOP*
91.5%
Money 'storage' facilityBANK
90.4%
To give information to someoneTELL
89.1%
Blue-green colorTEAL
89%
Clue 4-Letter Word % Correct
*The act of putting up a [Rung 18]**SHOT*
87.9%
To prove something existsSHOW
86.6%
A baseball pitching errorBALK
85.8%
Equipment for turning over soilPLOW
85.7%
What you put in a kilnCLAY
85.1%
Stitches on clothesSEAM
85.1%
One of a stacked bed setBUNK
84.9%
*To throw the [Rung 18] downward into the [Rung 1]**DUNK*
83.2%
Small edible shellfishCLAM
82.4%
*A word often preceding [Rung 22]**SLAM*
80.6%
Maneuver in a gamePLOY
80.6%

Today's Daily Dose

Missing Word
For Dummies Books

Word Ladder
Ariana Grande

Quick Pick
1970s Authors

On This Day
June 21st II

You're not logged in!

Compare scores with friends on all Sporcle quizzes.
Join for Free
OR
Log In

You Might Also Like...

Show Comments

Extras

Top Quizzes Today


Score Distribution

Your Account Isn't Verified!

In order to create a playlist on Sporcle, you need to verify the email address you used during registration. Go to your Sporcle Settings to finish the process.

Report this User

Report this user for behavior that violates our Community Guidelines.

Details: